| 000 | 01106nam a22003137a 4500 | ||
|---|---|---|---|
| 003 | OSt | ||
| 005 | 20250710113458.0 | ||
| 008 | 201020s1994 sp a|||br|||| 00| fdspa d | ||
| 020 | _a842363597x | ||
| 040 |
_aCO-JMCR _cCO-JMCR |
||
| 041 | 1 |
_aspa _hger |
|
| 082 | 0 | 4 |
_aN _bFAHw _223 |
| 100 | 1 |
_aFährmann, Willi, _eautor _911712 |
|
| 245 | 1 |
_aWillibald, el fortachón / _cWilli Fährmann ; ilustración de Doménec Bladé ; traducción de Natalia Guillament |
|
| 250 | _a5°. edición | ||
| 260 |
_aBarcelona : _bEdebé, _c1994 |
||
| 300 |
_a[163] páginas : _bilustraciones a blanco y negro ; _c17 cm. |
||
| 490 | 0 |
_aTucán ; _v43 |
|
| 500 | _aTítulo original: Der überaus starke Willibald | ||
| 500 | _aIncluye datos biográficos del autor. | ||
| 521 | _aA partir de 9 años | ||
| 546 | _aTraducido del alemán. | ||
| 650 | 1 | 4 |
_aNovela infantil alemana _911713 |
| 650 | 1 | 4 |
_aLiteratura infantil alemana _91509 |
| 650 | 1 | 4 |
_aRatones en la literatura _911714 |
| 700 | 1 |
_aBladé, Doménec, _eilustrador _911715 |
|
| 700 | 1 |
_aGuillament, Natalia, _etraductora _911716 |
|
| 942 |
_2ddc _cBK |
||
| 999 |
_c6940 _d6940 |
||